Statistiques concernant Les footballeurs quand ils étaient enfants (Partie 2)

Cliquez ici pour prendre le quiz!

Statistiques générales

  • Ce quiz a été pris 263 fois
  • Le résultat moyen est 10 sur 16

Statistiques - réponses

Réponse% Correct
Thierry Henry
97%
Sergio Ramos
94%
Luis Suarez
92%
Gareth Bale
91%
Fernando Torres
77%
Raphaël Varane
76%
Robert Lewandowski
66%
Zlatan Ibrahimovic
65%
Harry Kane
59%
Manuel Neuer
54%
Sergio Agüero
53%
Luka Modric
51%
Frank Lampard
49%
Vinicius Junior
48%
Virgil Van Dijk
41%
Toni Kroos
23%

Distribution des résultats

Percentile par nombre de réponses

% des personnes avec chaque résultat

Votre développement - résultats

Vous n’avez pas pris ce quiz